[Event "Moscow Blitz Final 2014"]
[Site "Moscow RUS"]
[Date "2014.09.06"]
[Round "7.5"]
[White "Malakhov, Vladimir"]
[Black "Belous, Vladimir"]
[Result "1-0"]
[WhiteTitle "GM"]
[BlackTitle "GM"]
[WhiteElo "2696"]
[BlackElo "2584"]
[WhiteFideId "4120787"]
[BlackFideId "4174003"]
[EventDate "2014.09.06"]

1. e4 c5 2. Nf3 Nc6 3. Bb5 d6 4. O-O Bd7 5. Re1 Nf6 6. c3 a6 7. Ba4 b5 8. Bc2
Bg4 9. a4 Rb8 10. axb5 axb5 11. d4 cxd4 12. cxd4 e5 13. d5 Nd4 14. Nbd2 Nxc2 15.
Qxc2 Be7 16. h3 Bd7 17. Nb3 O-O 18. Bd2 Qc8 19. Qxc8 Rfxc8 20. Na5 Bd8 21. Bb4
Rb6 22. Nd2 Ra6 23. Nb7 Ra4 24. Rxa4 bxa4 25. Nxd8 Rxd8 26. Bxd6 Re8 27. Rc1 Bb5
28. Rc5 Bd3 29. f3 Nd7 30. Ra5 Bc2 31. Ra7 Nb6 32. Rb7 Nc8 33. Ba3 f5 34. d6
Nxd6 35. Bxd6 Rd8 36. Bb4 fxe4 37. fxe4 Rd3 38. Ra7 h6 39. Bc3 Rd8 40. Nf3 Bxe4
41. Rxa4 Rd1+ 42. Kf2 Bc2 43. Ra8+ Kh7 44. Nxe5 Be4 45. Ra4 1-0

[Event "Moscow Blitz Final 2014"]
[Site "Moscow RUS"]
[Date "2014.09.06"]
[Round "7.6"]
[White "Dubov, Daniil"]
[Black "Mozharov, Mikhail"]
[Result "1-0"]
[WhiteTitle "GM"]
[BlackTitle "GM"]
[WhiteElo "2614"]
[BlackElo "2555"]
[WhiteFideId "24126055"]
[BlackFideId "4189825"]
[EventDate "2014.09.06"]

1. Nf3 c5 2. e4 e6 3. d4 cxd4 4. Nxd4 Nc6 5. Nc3 Qc7 6. g3 a6 7. Bg2 d6 8. O-O
Bd7 9. Nb3 Nf6 10. f4 Be7 11. g4 g6 12. Kh1 h6 13. h3 Rc8 14. Be3 b5 15. a3 Rg8
16. Qf3 g5 17. e5 dxe5 18. fxg5 hxg5 19. Ne4 Rg6 20. Bxg5 Rxg5 21. Nxf6+ Kd8 22.
Rad1 Nb8 23. Nxd7 Nxd7 24. Qxf7 a5 25. Qxe6 a4 26. Na5 Rg7 27. Bc6 Bc5 28. Nb7+ 1-0

[Event "Moscow Blitz Final 2014"]
[Site "Moscow RUS"]
[Date "2014.09.06"]
[Round "7.7"]
[White "Grachev, Boris"]
[Black "Motylev, Alexander"]
[Result "1/2-1/2"]
[WhiteTitle "GM"]
[BlackTitle "GM"]
[WhiteElo "2673"]
[BlackElo "2686"]
[WhiteFideId "4129199"]
[BlackFideId "4121830"]
[EventDate "2014.09.06"]

1. d4 d6 2. Nf3 Nd7 3. c4 e5 4. Nc3 Ngf6 5. g3 Be7 6. Bg2 O-O 7. O-O Re8 8. h3
c6 9. e4 a5 10. Be3 Bf8 11. Qc2 h6 12. Rfe1 Nh7 13. Rad1 Qc7 14. b3 Ndf6 15. Kh2
g5 16. Na4 g4 17. Nh4 Ng5 18. dxe5 Rxe5 19. Nb6 gxh3 20. Nxa8 Ng4+ 21. Kg1 Qb8
22. Bxg5 hxg5 23. Nf3 hxg2 24. Nb6 Be6 25. Kxg2 Qd8 26. c5 Qc7 27. Nxe5 Nxe5 28.
Nc4 Nxc4 29. bxc4 dxc5 30. e5 b5 31. Rh1 Bg7 32. cxb5 cxb5 33. Qe4 Bxe5 34. Qa8+
Bc8 35. f3 Kg7 36. Qe4 g4 37. Qh7+ Kf8 38. Qh6+ Bg7 39. Qd6+ Qxd6 40. Rxd6 Bb7
41. Re1 Bxf3+ 42. Kf1 Bd4 43. Rd7 Bc6 44. Rd6 Bf3 45. Rd7 Bc6 46. Rd6 Bf3 47.
Rd7 Bc6 48. Rd6 Bf3 1/2-1/2

[Event "Moscow Blitz Final 2014"]
[Site "Moscow RUS"]
[Date "2014.09.06"]
[Round "7.8"]
[White "Morozevich, Alexander"]
[Black "Popov, Ivan RUS"]
[Result "1-0"]
[WhiteTitle "GM"]
[BlackTitle "GM"]
[WhiteElo "2731"]
[BlackElo "2627"]
[WhiteFideId "4116992"]
[BlackFideId "4170350"]
[EventDate "2014.09.06"]

1. e4 c5 2. b3 Nc6 3. Bb2 d6 4. Bb5 Bd7 5. f4 a6 6. Bxc6 Bxc6 7. Qe2 Nf6 8. d3
e6 9. Nf3 Be7 10. O-O O-O 11. c4 b5 12. Nc3 bxc4 13. dxc4 Qc7 14. e5 dxe5 15.
fxe5 Nd7 16. Ne4 Qb7 17. Nfd2 Kh8 18. Rf4 Qc7 19. Qh5 f5 20. exf6 Nxf6 21. Nxf6
Bxf6 22. Raf1 Bd4+ 23. Bxd4 Rxf4 24. Qxc5 Rxf1+ 25. Nxf1 Qb7 26. Ne3 Rd8 27. h3
Qd7 28. Bc3 Ba8 29. Qe5 Rf8 30. a4 h6 31. b4 Kh7 32. b5 axb5 33. axb5 Rf7 34.
Kh2 Qc7 35. Qxc7 Rxc7 36. Be5 Rc8 37. Bd6 Kg6 38. c5 Be4 39. g4 Bd3 40. b6 Be4
41. Nc4 Kf6 42. Kg3 Bd5 43. Na5 Ra8 44. b7 Bxb7 45. Nxb7 Ra3+ 46. Kg2 Rc3 47.
Nd8 e5 48. Nc6 Ke6 49. Nxe5 Kd5 50. Ng6 Kc6 51. h4 Kd5 52. h5 Kc6 53. Be5 Rc4
54. Kg3 Rxc5 55. Bxg7 1-0

[Event "Moscow Blitz Final 2014"]
[Site "Moscow RUS"]
[Date "2014.09.06"]
[Round "7.9"]
[White "Paravyan, David"]
[Black "Riazantsev, Alexander"]
[Result "0-1"]
[WhiteTitle "IM"]
[BlackTitle "GM"]
[WhiteElo "2428"]
[BlackElo "2678"]
[WhiteFideId "4194985"]
[BlackFideId "4125029"]
[EventDate "2014.09.06"]

1. e4 c6 2. d4 d5 3. Nc3 dxe4 4. Nxe4 Bf5 5. Nc5 Nd7 6. Nxb7 Qc7 7. Nc5 Nxc5 8.
dxc5 Rd8 9. Bd3 e6 10. Nf3 Bxc5 11. O-O Bxd3 12. cxd3 Ne7 13. Qe2 Rd5 14. Bg5
Ng6 15. Rac1 O-O 16. Be3 Bxe3 17. fxe3 Qb6 18. Rc4 c5 19. Rfc1 Rfd8 20. R1c3 h6
21. Qc2 Ne5 22. Nxe5 Rxe5 23. e4 Rg5 24. Qf2 Rg6 25. Rxc5 Rf6 26. Qc2 Qd6 27.
R3c4 Qf4 28. Qe2 Rxd3 29. Rc8+ Kh7 30. e5 Rd1+ 0-1

[Event "Moscow Blitz Final 2014"]
[Site "Moscow RUS"]
[Date "2014.09.06"]
[Round "7.10"]
[White "Reshetnikov, Alexey"]
[Black "Grischuk, Alexander"]
[Result "0-1"]
[WhiteTitle "IM"]
[BlackTitle "GM"]
[WhiteElo "2498"]
[BlackElo "2789"]
[WhiteFideId "4162080"]
[BlackFideId "4126025"]
[EventDate "2014.09.06"]

1. e4 c5 2. Nf3 d6 3. d4 cxd4 4. Nxd4 Nf6 5. Nc3 a6 6. Bg5 Nbd7 7. Be2 e6 8. f4
Be7 9. Qd3 Qc7 10. O-O-O b5 11. Bf3 b4 12. Nce2 Bb7 13. Ng3 Rc8 14. Kb1 O-O 15.
h4 Rfe8 16. Qe2 h6 17. e5 Bxf3 18. Nxf3 dxe5 19. fxe5 Nd5 20. Bxe7 Rxe7 21. Rd4
Qb6 22. Ka1 a5 23. Ne4 a4 24. Nd6 Rb8 25. Rhd1 a3 26. R1d3 axb2+ 27. Kxb2 Nc3
28. Rc4 Nxe2 0-1

[Event "Moscow Blitz Final 2014"]
[Site "Moscow RUS"]
[Date "2014.09.06"]
[Round "8.1"]
[White "Moskalenko, Alexander"]
[Black "Grischuk, Alexander"]
[Result "1-0"]
[WhiteTitle "IM"]
[BlackTitle "GM"]
[WhiteElo "2460"]
[BlackElo "2789"]
[WhiteFideId "4155351"]
[BlackFideId "4126025"]
[EventDate "2014.09.06"]

1. Nf3 c5 2. c4 Nc6 3. g3 g6 4. Bg2 Bg7 5. Nc3 e5 6. O-O Nge7 7. Ne1 d6 8. Nc2
Be6 9. Ne3 O-O 10. d3 Qd7 11. Ned5 Bh3 12. Nxe7+ Nxe7 13. Bxh3 Qxh3 14. e4 f5
15. f3 f4 16. Qe1 g5 17. Qf2 h5 18. Qg2 Qe6 19. Nd5 Nxd5 20. cxd5 Qd7 21. gxf4
gxf4 22. Kh1 Kh7 23. Rg1 Rf6 24. Bd2 Qf7 25. Qh3 Bh6 26. b4 b6 27. bxc5 bxc5 28.
Rab1 Rg8 29. Rxg8 Kxg8 30. Rb8+ Bf8 31. Be1 Rg6 32. Bf2 Rg7 33. Qc8 Rg6 34. a4
Qf6 35. a5 Kg7 36. Qd7+ Kh6 37. Qe8 Bg7 38. Qd7 Qg5 39. Qh3 Bf6 40. Rb7 a6 41.
Rb6 Be7 42. Rxa6 Rg8 43. Rb6 Kh7 44. a6 Bd8 45. Rb7+ Kh6 46. a7 Ba5 47. Qe6+ 1-0

[Event "Moscow Blitz Final 2014"]
[Site "Moscow RUS"]
[Date "2014.09.06"]
[Round "8.2"]
[White "Riazantsev, Alexander"]
[Black "Reshetnikov, Alexey"]
[Result "1-0"]
[WhiteTitle "GM"]
[BlackTitle "IM"]
[WhiteElo "2678"]
[BlackElo "2498"]
[WhiteFideId "4125029"]
[BlackFideId "4162080"]
[EventDate "2014.09.06"]

1. d4 d5 2. c4 c6 3. Nf3 Nf6 4. e3 e6 5. b3 Nbd7 6. Nbd2 Bd6 7. Bd3 O-O 8. Bb2
Qe7 9. Ne5 c5 10. cxd5 exd5 11. f4 b6 12. O-O Bb7 13. Qf3 Rfd8 14. Qh3 Nf8 15.
Rae1 Ne4 16. Nxe4 dxe4 17. Bc4 Bxe5 18. fxe5 Bd5 19. Bxd5 Rxd5 20. Qg4 Ne6 21.
Qxe4 Rad8 22. Rd1 Qd7 23. Qf3 cxd4 24. exd4 Nxd4 25. Bxd4 Rxd4 26. Rxd4 Qxd4+
27. Kh1 Qd5 28. h3 Qxf3 29. Rxf3 Rd2 30. a4 g6 31. Rc3 Re2 32. Rc7 a5 33. Rb7
Rxe5 34. Rxb6 Re3 35. Kg1 Rc3 36. Kf2 Rc2+ 37. Kf3 h5 38. Rb5 Rb2 39. g4 h4 40.
g5 Kg7 41. Kg4 Rb1 42. Kxh4 Rb2 43. Kg3 Rb1 44. h4 Rb2 45. Kf4 Rb1 46. Ke5 Rf1
47. Kd6 Rf4 48. Rxa5 Rxh4 49. Rb5 f5 50. gxf6+ Kxf6 51. a5 Rh1 52. Rb4 Rd1+ 53.
Kc7 g5 54. a6 Ra1 55. Ra4 Rc1+ 56. Kb7 Rc3 57. Ra3 1-0

[Event "Moscow Blitz Final 2014"]
[Site "Moscow RUS"]
[Date "2014.09.06"]
[Round "8.3"]
[White "Popov, Ivan RUS"]
[Black "Paravyan, David"]
[Result "1-0"]
[WhiteTitle "GM"]
[BlackTitle "IM"]
[WhiteElo "2627"]
[BlackElo "2428"]
[WhiteFideId "4170350"]
[BlackFideId "4194985"]
[EventDate "2014.09.06"]

1. e4 e5 2. Nf3 Nc6 3. d4 exd4 4. Bc4 Nf6 5. e5 d5 6. Bb5 Ne4 7. Nxd4 Bd7 8.
Bxc6 bxc6 9. O-O Bc5 10. Qd3 O-O 11. Nc3 Nxc3 12. Qxc3 Bb6 13. Nb3 f6 14. Bf4
fxe5 15. Bxe5 Qg5 16. Bd4 Rf4 17. Nc5 Rxd4 18. Nxd7 Rc4 19. Qh3 Re8 20. Nxb6
axb6 21. Rae1 Rce4 22. Rxe4 dxe4 23. Qd7 Qe5 24. Qxc6 e3 25. fxe3 Qxe3+ 26. Kh1
Qe2 27. Qd5+ Kh8 28. Qf7 h6 29. h3 Re6 30. Qf8+ Kh7 31. Qf5+ Rg6 32. Qf2 Qe4 33.
Qd2 Rd6 34. Qc3 Rg6 35. Rf2 Rc6 36. Qd3 Qxd3 37. cxd3 Rc1+ 38. Kh2 Rd1 39. Rc2
Rxd3 40. Rxc7 Rd2 41. b4 Rxa2 42. Rb7 Rb2 43. Rxb6 Rb3 44. g4 Kg8 45. Rb8+ Kf7
46. Rb7+ Kf6 47. h4 Kg6 48. Rb6+ Kf7 49. h5 Ke7 50. Kg2 Kf7 51. Kf2 Ke7 52. b5
Kf7 53. Kg2 Ke7 54. Rg6 Rxb5 55. Rxg7+ Kf6 56. Rg6+ Ke5 57. Kg3 Rb1 58. Rxh6 1-0

[Event "Moscow Blitz Final 2014"]
[Site "Moscow RUS"]
[Date "2014.09.06"]
[Round "8.4"]
[White "Motylev, Alexander"]
[Black "Morozevich, Alexander"]
[Result "0-1"]
[WhiteTitle "GM"]
[BlackTitle "GM"]
[WhiteElo "2686"]
[BlackElo "2731"]
[WhiteFideId "4121830"]
[BlackFideId "4116992"]
[EventDate "2014.09.06"]

1. e4 e6 2. Nc3 d5 3. b3 d4 4. Nce2 c5 5. f4 Nc6 6. Nf3 Nf6 7. Ng3 h5 8. Bd3 h4
9. Ne2 h3 10. g3 e5 11. fxe5 Ng4 12. Bb5 Bd7 13. Bxc6 Bxc6 14. d3 Qe7 15. Bf4 g6
16. Bg5 Qc7 17. Bf4 Qd7 18. O-O Bg7 19. Ng5 O-O-O 20. Kh1 Rdf8 21. Nf3 Rh5 22.
Neg1 Nxe5 23. Nxe5 Bxe5 24. g4 Bxf4 25. gxh5 g5 26. Ne2 Be3 27. Ng3 f5 28. h6 f4
29. Qh5 Rh8 30. Ne2 Qe6 31. Ng1 g4 32. Ne2 Bxe4+ 0-1

[Event "Moscow Blitz Final 2014"]
[Site "Moscow RUS"]
[Date "2014.09.06"]
[Round "8.6"]
[White "Belous, Vladimir"]
[Black "Dubov, Daniil"]
[Result "1-0"]
[WhiteTitle "GM"]
[BlackTitle "GM"]
[WhiteElo "2584"]
[BlackElo "2614"]
[WhiteFideId "4174003"]
[BlackFideId "24126055"]
[EventDate "2014.09.06"]

1. d4 Nf6 2. c4 e6 3. Nc3 Bb4 4. f3 Nh5 5. Nh3 f5 6. Bg5 Be7 7. Bxe7 Qxe7 8. e4
O-O 9. e5 f4 10. Bd3 d6 11. exd6 Qh4+ 12. Nf2 cxd6 13. O-O Nc6 14. Nce4 Qe7 15.
Bc2 d5 16. cxd5 exd5 17. Nc3 Nf6 18. Re1 Qb4 19. Bb3 Rd8 20. Nfe4 Qxd4+ 21. Qxd4
Nxd4 22. Nxf6+ gxf6 23. Bxd5+ Kf8 24. Re4 Nc2 25. Rd1 Ne3 26. Rdd4 Nf5 27. Rd2
Rd6 28. Rxf4 Be6 29. Bxe6 Rxd2 30. Rxf5 Re8 31. Rxf6+ Kg7 32. Ne4 Rxb2 33. h4
Re7 34. h5 h6 35. Rg6+ Kf8 36. Rg8# 1-0

[Event "Moscow Blitz Final 2014"]
[Site "Moscow RUS"]
[Date "2014.09.06"]
[Round "8.7"]
[White "Fedoseev, Vladimir3"]
[Black "Malakhov, Vladimir"]
[Result "1/2-1/2"]
[WhiteTitle "GM"]
[BlackTitle "GM"]
[WhiteElo "2677"]
[BlackElo "2696"]
[WhiteFideId "24130737"]
[BlackFideId "4120787"]
[EventDate "2014.09.06"]

1. e4 e5 2. Nf3 Nc6 3. Bb5 Nf6 4. O-O Nxe4 5. d4 Be7 6. dxe5 O-O 7. Nbd2 Nxd2 8.
Bxd2 d6 9. exd6 Bxd6 10. Bg5 f6 11. Bh4 Ne5 12. Bg3 Nxf3+ 13. Qxf3 Bxg3 14. hxg3
c6 15. Bc4+ Kh8 16. Rad1 Qa5 17. Rfe1 Bf5 18. c3 Qc5 19. Bd3 Bxd3 20. Qxd3 Qb6
21. Qe2 Rfd8 22. Rd7 h6 23. Rf7 Rf8 24. Re7 Rad8 25. Qg4 Rg8 26. R1e2 a5 27. Kh2
Qb5 28. c4 Qb4 29. a3 Qb3 30. c5 Rd5 31. Re8 Rg5 32. Rxg8+ Kxg8 33. Re8+ Kh7 34.
Qe4+ f5 35. Qe2 Qd5 36. f4 Rg6 37. Re5 Qb3 38. Qf2 a4 39. Rxf5 Re6 40. Re5 Rxe5
41. fxe5 Qe6 42. Qf4 Kg6 43. g4 Qd7 44. Kg3 Qd3+ 45. Kh4 Qd7 46. Qe4+ Kf7 47.
Qf5+ Ke7 48. Qxd7+ Kxd7 49. Kg3 Ke6 50. Kf4 g6 51. g3 Kd5 52. g5 h5 53. e6 Kxe6
54. Ke4 Kf7 55. Kd4 Ke6 56. Ke4 Kf7 57. Kd4 Ke8 1/2-1/2

[Event "Moscow Blitz Final 2014"]
[Site "Moscow RUS"]
[Date "2014.09.06"]
[Round "8.8"]
[White "Seliverstov, Vladimir"]
[Black "Kretov, Evgenij"]
[Result "1-0"]
[WhiteTitle "FM"]
[BlackTitle "FM"]
[WhiteElo "2432"]
[BlackElo "2263"]
[WhiteFideId "4192036"]
[BlackFideId "4167821"]
[EventDate "2014.09.06"]

1. d4 Nf6 2. c4 c5 3. d5 e5 4. Nc3 d6 5. e4 Be7 6. Be2 O-O 7. Nf3 Ne8 8. O-O Nd7
9. a3 g6 10. Rb1 Ng7 11. b4 a5 12. bxc5 Nxc5 13. Be3 b6 14. Ne1 Bd7 15. Nd3 Rb8
16. f4 exf4 17. Bxf4 Bf6 18. Bxd6 Bxc3 19. Nxc5 Rc8 20. Nxd7 Qxd7 21. Bxf8 Kxf8
22. Rxb6 Be5 23. Rc6 Rxc6 24. dxc6 Qxc6 25. Qd5 Qc7 26. h3 Ke8 27. c5 Ne6 28.
Bb5+ Ke7 29. c6 Bd6 30. a4 h5 31. Bc4 Be5 32. Rb1 Qa7+ 33. Kh1 Kf6 34. Rb7 Qe3
35. Rxf7+ 1-0

[Event "Moscow Blitz Final 2014"]
[Site "Moscow RUS"]
[Date "2014.09.06"]
[Round "8.9"]
[White "Savchenko, Boris"]
[Black "Dvalishvili, Pavel S."]
[Result "0-1"]
[WhiteTitle "GM"]
[BlackTitle "IM"]
[WhiteElo "2608"]
[BlackElo "2439"]
[WhiteFideId "4147332"]
[BlackFideId "4121996"]
[EventDate "2014.09.06"]

1. e4 e5 2. Nf3 Nc6 3. Bb5 Nge7 4. c3 d6 5. d4 Bd7 6. d5 Nb8 7. a4 c6 8. dxc6
Nexc6 9. Na3 Be7 10. Bc4 O-O 11. Nc2 Be6 12. Bxe6 fxe6 13. Ne3 Nd7 14. b4 a5 15.
Qb3 axb4 16. cxb4 Rxf3 17. gxf3 Nd4 18. Qd1 Qf8 19. Bb2 Nxf3+ 20. Ke2 Ng5 21.
Ke1 Nxe4 22. Qe2 d5 23. Kf1 Bxb4 24. Kg2 Qf7 25. Qc2 Qg6+ 26. Kf1 Rf8 27. Rg1
Qh6 28. Ng4 Qh3+ 29. Rg2 Ndf6 30. Nxe5 Nh5 31. Nd3 Rf3 32. Rd1 Bf8 33. Kg1 Qf5
34. Qe2 Ng5 35. Kh1 Nh3 36. Be5 h6 37. a5 g5 38. Bc7 Kh7 39. Be5 g4 40. Bc7 Bg7
41. Bg3 Nxg3+ 42. hxg3 e5 43. Rd2 e4 44. Ne1 d4 45. Nxf3 gxf3 46. Qd1 fxg2+ 47.
Kxg2 Ng5 48. Ra2 Qh3+ 49. Kg1 Nf3+ 0-1

[Event "Moscow Blitz Final 2014"]
[Site "Moscow RUS"]
[Date "2014.09.06"]
[Round "8.10"]
[White "Najer, Evgeniy"]
[Black "Karjakin, Sergey"]
[Result "0-1"]
[WhiteTitle "GM"]
[BlackTitle "GM"]
[WhiteElo "2646"]
[BlackElo "2777"]
[WhiteFideId "4118987"]
[BlackFideId "14109603"]
[EventDate "2014.09.06"]

1. e4 c5 2. Nf3 d6 3. d4 cxd4 4. Nxd4 Nf6 5. Nc3 a6 6. Be2 e5 7. Nb3 Be7 8. O-O
O-O 9. Re1 Be6 10. Bf3 Qc7 11. a4 Rc8 12. a5 Nbd7 13. Nd2 b5 14. axb6 Nxb6 15.
h3 h6 16. Nf1 Nc4 17. b3 Nb6 18. Bb2 Qb7 19. Ne3 g6 20. Re2 h5 21. Rd2 Bf8 22.
Ra5 Qb8 23. Ned5 Bxd5 24. Nxd5 Nfxd5 25. exd5 Nc4 26. bxc4 Qxb2 27. Be2 Bh6 28.
Rd3 Rxc4 29. Rb3 Qxc2 30. Qxc2 Rxc2 31. Rxa6 Rxa6 32. Bxa6 e4 33. Bb7 Rc1+ 34.
Kh2 h4 35. g3 hxg3+ 36. Kxg3 f5 37. h4 Bg7 38. Bc6 Be5+ 39. Kg2 Rc2 40. Rb7 e3
41. Kf3 e2 42. Rb1 Bc3 43. Ba4 Rb2 0-1

[Event "Moscow Blitz Final 2014"]
[Site "Moscow RUS"]
[Date "2014.09.06"]
[Round "9.1"]
[White "Karjakin, Sergey"]
[Black "Moskalenko, Alexander"]
[Result "1-0"]
[WhiteTitle "GM"]
[BlackTitle "IM"]
[WhiteElo "2777"]
[BlackElo "2460"]
[WhiteFideId "14109603"]
[BlackFideId "4155351"]
[EventDate "2014.09.06"]

1. Nf3 Nf6 2. g3 b6 3. Bg2 Bb7 4. d3 d5 5. O-O g6 6. c4 c5 7. cxd5 Nxd5 8. d4
Bg7 9. dxc5 bxc5 10. Nfd2 O-O 11. Nc4 Bc6 12. Nbd2 Nb6 13. Na5 Bxg2 14. Kxg2 Nc6
15. Ndc4 Qc8 16. Qc2 Rd8 17. Be3 Nd4 18. Bxd4 cxd4 19. Rac1 Qe6 20. Qd3 Rac8 21.
Rc2 Qd5+ 22. f3 Qe6 23. Nxb6 Qxb6 24. b4 Rxc2 25. Qxc2 Bh6 26. Nc6 Rd7 27. Qc4
Bg7 28. Rd1 Bf6 29. a4 Rd6 30. b5 a6 31. Rd3 axb5 32. axb5 Kg7 33. Ra3 Re6 34.
Kf1 Qc7 35. Qc5 Rd6 36. Kg2 Qd7 37. Ra2 Qe6 38. Rc2 d3 39. exd3 Rxd3 40. Nb4 Rb3
41. Nd5 Qf5 42. Nf4 Qd7 43. b6 Qb7 44. Nd5 e6 45. Nxf6 Qxf3+ 46. Kh3 Qf1+ 47.
Kh4 Qxf6+ 48. Kh3 Qf1+ 49. Kh4 Qf6+ 50. Kh3 e5 51. Rf2 Qe6+ 52. Kg2 Rxb6 53. Re2
f6 54. Qc7+ Kh6 55. Qc1+ g5 56. Qf1 Kg7 57. Rc2 Rc6 58. Rd2 Rd6 59. Rc2 Qd5+ 60.
Kh3 Rd7 61. Qf5 Qd3 62. Qf2 h5 63. Re2 g4+ 64. Kh4 Qg6 65. Qe3 Rd3 66. Qc1 Rf3
67. Rc2 Qg5+ 68. Qxg5+ fxg5+ 69. Kxh5 Kf6 70. Kxg4 e4 71. Rc6+ Ke5 72. Kxg5 Rf2
73. h4 e3 74. Rc8 e2 75. Re8+ Kd4 76. h5 Rf3 77. Rxe2 Rxg3+ 78. Kf4 Rh3 79. Rd2+
Kc5 80. Kg5 Rh1 81. h6 Kc6 82. Rd4 Rg1+ 83. Rg4 Rd1 84. h7 1-0

[Event "Moscow Blitz Final 2014"]
[Site "Moscow RUS"]
[Date "2014.09.06"]
[Round "9.2"]
[White "Dvalishvili, Pavel S."]
[Black "Najer, Evgeniy"]
[Result "1/2-1/2"]
[WhiteTitle "IM"]
[BlackTitle "GM"]
[WhiteElo "2439"]
[BlackElo "2646"]
[WhiteFideId "4121996"]
[BlackFideId "4118987"]
[EventDate "2014.09.06"]

1. e4 c5 2. Nf3 d6 3. d4 cxd4 4. Nxd4 Nf6 5. Nc3 a6 6. f4 e5 7. Nf5 Nxe4 8.
Nxg7+ Bxg7 9. Nxe4 d5 10. Ng3 Nc6 11. Nh5 Rg8 12. Nxg7+ Rxg7 13. g3 e4 14. c3
Bg4 15. Be2 f5 16. Be3 Qd6 17. Bxg4 Rxg4 18. Qb3 O-O-O 19. O-O-O Na5 20. Qa4 Nc4
21. Bd4 h5 22. b3 Nb6 23. Qa5 Nd7 24. Kb1 Nb8 25. Be5 Nc6 26. Bxd6 Nxa5 27. Rxd5
Nc6 28. Rhd1 e3 29. Re1 Rg6 30. Rxe3 Rdxd6 31. Rxf5 Rd2 32. Rxh5 Rgd6 33. Rh7
Rg2 34. Re8+ Nd8 35. Re1 Rdd2 36. Rh8 Rb2+ 37. Kc1 Rxa2 38. Kb1 Rab2+ 39. Ka1
Rxb3 40. Rd1 Ra3+ 41. Kb1 Rb3+ 42. Ka1 Kc7 43. Rhxd8 Rxc3 44. R8d2 Rxd2 45. Rxd2
Rf3 46. Rg2 b5 47. h4 Kd7 1/2-1/2

[Event "Moscow Blitz Final 2014"]
[Site "Moscow RUS"]
[Date "2014.09.06"]
[Round "9.3"]
[White "Kretov, Evgenij"]
[Black "Savchenko, Boris"]
[Result "0-1"]
[WhiteTitle "FM"]
[BlackTitle "GM"]
[WhiteElo "2263"]
[BlackElo "2608"]
[WhiteFideId "4167821"]
[BlackFideId "4147332"]
[EventDate "2014.09.06"]

1. d4 e6 2. c4 Nf6 3. Nc3 d5 4. cxd5 exd5 5. Bg5 c6 6. e3 Nbd7 7. Bd3 Bd6 8. Qc2
Nf8 9. Nf3 Ne6 10. Bh4 g6 11. O-O Kf8 12. Rab1 Ng7 13. e4 dxe4 14. Nxe4 Be7 15.
Rfe1 Nf5 16. Bxf6 Bxf6 17. Nxf6 Qxf6 18. Qc5+ Kg7 19. Re5 Rd8 20. Rbe1 Be6 21.
a3 Nh4 22. Nxh4 Qxh4 23. R5e4 Qf6 24. R1e3 Rd5 25. Qc3 Rad8 26. Rf3 Rf5 27. Rxf5
Bxf5 28. Rf4 Qd6 29. g3 Bxd3 30. Qxd3 Rd7 31. Qf3 Qd5 32. Qe3 f5 33. h4 Kf7 34.
g4 Re7 35. Qd2 Kf6 36. gxf5 gxf5 37. f3 Qe6 38. Kf2 Rg7 39. d5 Qxd5 40. Qc3+ Qe5
41. Rd4 Re7 42. Rd6+ Kf7 43. Qxe5 Rxe5 44. Rd7+ Re7 45. Rd6 a5 46. Kg3 Re6 47.
Rd7+ Re7 48. Rd6 b5 49. Rxc6 Re2 50. Kf4 Rxb2 51. Kxf5 Rb3 52. Rc7+ Ke8 53. f4
Rxa3 54. Kf6 a4 55. f5 b4 56. Rb7 b3 57. Ke6 Kd8 58. f6 Ra2 59. f7 Rf2 60. f8=Q+
Rxf8 61. Rb8+ Kc7 62. Rxf8 b2 63. Rf7+ Kc6 64. Rxh7 b1=Q 65. Rh6 Qe4+ 66. Kf7+
Kb5 67. h5 a3 68. Rf6 a2 69. h6 a1=Q 0-1

[Event "Moscow Blitz Final 2014"]
[Site "Moscow RUS"]
[Date "2014.09.06"]
[Round "9.4"]
[White "Malakhov, Vladimir"]
[Black "Seliverstov, Vladimir"]
[Result "1-0"]
[WhiteTitle "GM"]
[BlackTitle "FM"]
[WhiteElo "2696"]
[BlackElo "2432"]
[WhiteFideId "4120787"]
[BlackFideId "4192036"]
[EventDate "2014.09.06"]

1. e4 g6 2. d4 Bg7 3. Nf3 d6 4. Be2 Nf6 5. Nc3 O-O 6. O-O a6 7. Re1 b5 8. e5
dxe5 9. Nxe5 Bb7 10. Bf3 Nd5 11. Ne4 Nb6 12. c3 Bxe5 13. dxe5 Qxd1 14. Rxd1 Nc4
15. Bh6 Re8 16. e6 fxe6 17. Re1 Ne5 18. Bd1 Nbd7 19. Bb3 Bd5 20. Ng5 Bxb3 21.
axb3 Ng4 22. Nxe6 Nxh6 23. Nxc7 Nc5 24. Nxa8 Rxa8 25. Rxe7 Nf5 26. Rc7 Nxb3 27.
Rd1 Re8 28. g3 Re7 29. Rc6 a5 30. Rb6 a4 31. Rxb5 Ra7 32. h4 Kf7 33. h5 Ke6 34.
Rb6+ Kf7 35. Rd5 Ne7 36. hxg6+ hxg6 37. Kg2 Rd7 38. Rd2 Rb7 39. Kh3 1-0

[Event "Moscow Blitz Final 2014"]
[Site "Moscow RUS"]
[Date "2014.09.06"]
[Round "9.5"]
[White "Dubov, Daniil"]
[Black "Fedoseev, Vladimir3"]
[Result "0-1"]
[WhiteTitle "GM"]
[BlackTitle "GM"]
[WhiteElo "2614"]
[BlackElo "2677"]
[WhiteFideId "24126055"]
[BlackFideId "24130737"]
[EventDate "2014.09.06"]

1. Nf3 d5 2. g3 c5 3. Bg2 Nc6 4. O-O Nf6 5. d4 e6 6. c4 dxc4 7. Ne5 Bd7 8. Na3
cxd4 9. Naxc4 Be7 10. Qb3 O-O 11. Rd1 Rc8 12. Bf4 b5 13. Nxd7 bxc4 14. Nxf6+
Bxf6 15. Qxc4 g5 16. Bd2 Ne5 17. Qa4 Qb6 18. b3 Rc2 19. Be4 d3 20. Be3 Qc7 21.
Qxa7 Qxa7 22. Bxa7 Rxe2 23. Re1 Rd8 24. Bb6 Rd7 25. a4 Rxe4 26. Rxe4 Nf3+ 27.
Kg2 Bxa1 28. Be3 0-1

[Event "Moscow Blitz Final 2014"]
[Site "Moscow RUS"]
[Date "2014.09.06"]
[Round "9.6"]
[White "Grachev, Boris"]
[Black "Belous, Vladimir"]
[Result "1-0"]
[WhiteTitle "GM"]
[BlackTitle "GM"]
[WhiteElo "2673"]
[BlackElo "2584"]
[WhiteFideId "4129199"]
[BlackFideId "4174003"]
[EventDate "2014.09.06"]

1. d4 Nf6 2. Nf3 g6 3. g3 Bg7 4. Bg2 O-O 5. O-O d5 6. c3 Nbd7 7. Bf4 c5 8. Ne5
Nh5 9. Nxd7 Bxd7 10. Be3 Bc6 11. Qd2 Nf6 12. Bh6 Bxh6 13. Qxh6 cxd4 14. cxd4 Qb6
15. Qd2 Ne4 16. Bxe4 dxe4 17. Nc3 Rad8 18. Rfd1 Rd6 19. b3 Rfd8 20. Qg5 f6 21.
Qc5 Qxc5 22. dxc5 Rxd1+ 23. Rxd1 Rxd1+ 24. Nxd1 Kf7 25. Nc3 Ke6 26. b4 f5 27. e3
Bd5 28. Kf1 Bc4+ 29. Ke1 Kd7 30. Kd2 Kc6 31. a3 a5 32. Kc2 Be6 33. Ne2 Bc4 34.
Nd4+ Kd5 35. Kc3 e5 36. Nb3 axb4+ 37. axb4 Ba6 38. Na5 Ke6 39. Kb3 Kd5 40. Ka4
g5 41. Ka3 h5 42. h4 gxh4 43. gxh4 f4 44. Kb3 f3 45. Ka4 Be2 46. Nxb7 Kc6 47.
Nd6 Bd3 48. Kb3 Kd5 49. Kc3 Kc6 50. Nf5 1-0